01291nab a22002297a 4500003000400000005001700004008004100021040000700062100003500069245012200104260004200226300001200268500003500280505042200315505008900737650002000826650002400846650002500870650003000895650002200925773011400947OSt20260215214112.0190506c xxu||||| |||| 00| 0 spa d cPJ aUnzaga Domínguez, Guillermo 13aEl período de prueba y las prestaciones por accidentes y enfermedades inculpables /cGuillermo Unzaga Domínguez.  aBuenos Aires :bAbeledoPerrot,c2024. ap. 3-12 aCita: TR LALEY AR/DOC/2958/23. aSumario: I. Introducción.— II. El trabajador tiene derecho, durante el período de prueba, a las prestaciones por accidente o enfermedad del trabajo.— III. El trabajador tiene derecho, durante el período de prueba, a las prestaciones (...).— IV. El trabajador tiene derecho, durante el período de prueba, a las prestaciones (...).— V. El despido discriminatorio por motivos de salud.— VI. Corolario.  t¿Te interesa el texto completo? Comunicate al correo: koha@justierradelfuego.gov.ar 0aDERECHO LABORAL 0aCONTRATO DE TRABAJO 0aRELACIONES LABORALES 0aRELACIÓN DE DEPENDENCIA 0aPERIODO DE PRUEBA0 02751dBuenos Aires : AbeledoPerrot, 2013-tRevista de derecho laboral y seguridad social. Nº 2 - Enero 2024